Music Quiz

Random Music or Bands Quiz

1-Word Bands (A-Z) Quiz Stats

Quiz Updated May 26, 2015

Also try: 3-Word Bands (A-Z)
Challenge
Share
Tweet
Score 0/26 Timer 06:00
0 Plays Today
% Correct
Aerosmith
96.2%
KISS
95.3%
Queen
94.7%
Nirvana
92.3%
Blondie
88.9%
Oasis
84.5%
Coldplay
82.6%
Metallica
82.4%
Heart
75.1%
Radiohead
74.2%
Genesis
73.4%
Poison
73.1%
Journey
72%
% Correct
Weezer
69.6%
Devo
68.1%
Europe
65.2%
Foreigner
65.2%
Train
54.6%
Styx
53.9%
INXS
51.7%
Yes
50.9%
Lifehouse
41.2%
Vixen
32.3%
Ultravox
21.6%
XTC
19.9%
Zoot
5.5%

You're not logged in!

Compare scores with friends on all Sporcle quizzes.
Sign Up with Email
OR
Log In

You Might Also Like...

Show Comments

Extras

Top Quizzes Today


Score Distribution

Your Account Isn't Verified!

In order to create a playlist on Sporcle, you need to verify the email address you used during registration. Go to your Sporcle Settings to finish the process.